Normal view MARC view

Entry Nombre corporativo

Number of records used in: 1

001 - NÚMERO DE CONTROL

  • campo de control: 28846

003 - IDENTIFICADOR DEL NÚMERO DE CONTROL

  • campo de control: FranzMayer

005 - FECHA Y HORA DE LA ÚLTIMA TRANSACCIÓN

  • campo de control: 20230719114747.0

008 - DATOS DE LONGITUD FIJA

  • campo de control de longitud fija: 230719|| aca||aabn | a|a d

040 ## - FUENTE DE LA CATALOGACIÓN

  • Centro catalogador/agencia de origen: FranzMayer
  • Centro/agencia transcriptor: FranzMayer

110 ## - ENCABEZAMIENTO-NOMBRE DE ENTIDAD CORPORATIVA

  • Nombre de entidad corporativa o nombre de jurisdicción como elemento de entrada: Real Compañía de Impresores y Libreros del Reyno
  • Unidad subordinada: Imprenta de Pedro Marin

670 ## - FUENTE DE DATOS ENCONTRADOS

  • Cita de la fuente: Work cat.: (FranzMayer)10885: Editorial Real Compañía de Impresores y Libreros del Reyno Imprenta de Pedro Marin, Año Christiano Marzo, 1789